Financial and managerial accounting : information for decisions

Salvato in:
Dettagli Bibliografici
Autore principale: Wild, John J.
Natura: Libro
Lingua:Undetermined
Pubblicazione: Boston McGraw-Hill/Irwin 2005
Soggetti:
Tags: Aggiungi Tag
Nessun Tag, puoi essere il primo ad aggiungerne! !
Thư viện lưu trữ: Trung tâm Học liệu Trường Đại học Cần Thơ
LEADER 00650nam a2200205Ia 4500
001 CTU_137233
008 210402s9999 xx 000 0 und d
020 |c 99.24 
082 |a 658.1511 
082 |b W668/Vol.1 
100 |a Wild, John J. 
245 0 |a Financial and managerial accounting : 
245 0 |b information for decisions 
245 0 |c John J. Wild, Kermit D. Larson, Barbara Chiappetta 
260 |a Boston 
260 |b McGraw-Hill/Irwin 
260 |c 2005 
650 |a Accounting,Managerial accounting,Kế toán,Kế toán quản trị 
904 |i Hạ Nguyên 
980 |a Trung tâm Học liệu Trường Đại học Cần Thơ